[Event "GBR-ch111 Over 65"]
[Site "Liverpool"]
[Date "2025.08.07"]
[Round "4.20"]
[White "Marshall, Michael O"]
[Black "Moore, Geoffrey R"]
[Result "0-1"]
[WhiteElo "1886"]
[BlackElo "1996"]
[PlyCount "98"]
[EventDate "2025.08.04"]
[EventType "swiss"]
[EventRounds "7"]
[EventCountry "GBR"]
[SourceTitle "BritBase"]
[Source "John Saunders"]
[SourceDate "2025.08.11"]
[SourceVersion "1"]
[SourceVersionDate "2025.08.11"]
[SourceQuality "1"]

1. d4 Nf6 2. Nf3 g6 3. Bg5 Bg7 4. Nbd2 d5 5. e3 Nbd7 6. Be2 O-O 7. O-O h6 8. Bh4 c5 9. h3 Qb6 10. Rb1 Re8 11. c3 Ne4 12. Nxe4 dxe4 13. Nd2 Qc6 14. Bc4 b5 15. Bb3 e5 16. d5 Qc7 17. c4 bxc4 18. Bxc4 Nb6 19. Bb5 Rf8 20. Bc6 Ba6 21. Nxe4 g5 22. Bg3 Bxf1 23. Bxa8 Bb5 24. Bc6 Bxc6 25. dxc6 Qxc6 26. Qc2 c4 27. Rc1 f5 28. Nd2 f4 29. exf4 exf4 30. Bh2 Rc8 31. Kh1 Qf6 32. Rb1 c3 33. Ne4 Qe6 34. Nxc3 f3 35. gxf3 Qxh3 36. Qb3+ Kh8 37. Ne4 Rf8 38. Ng3 Qd7 39. Rd1 Qc6 40. Ne4 g4 41. Rd6 Qc1+ 42. Rd1 Qc6 43. Rd6 Qc1+ 44. Rd1 Qc8 45. fxg4 Qxg4 46. Qd3 Qh5 47. Ng3 Qf7 48. b3 Nc8 49. Qc4 Qf3+ 0-1

[Event "GBR-ch111 Over 65"]
[Site "Liverpool"]
[Date "2025.08.07"]
[Round "4.21"]
[White "Costello, Colin A"]
[Black "Clark, Robert G"]
[Result "1/2-1/2"]
[WhiteElo "1876"]
[BlackElo "1991"]
[PlyCount "106"]
[EventDate "2025.08.04"]
[EventType "swiss"]
[EventRounds "7"]
[EventCountry "GBR"]
[SourceTitle "BritBase"]
[Source "John Saunders"]
[SourceDate "2025.08.11"]
[SourceVersion "1"]
[SourceVersionDate "2025.08.11"]
[SourceQuality "1"]

1. c4 e5 2. Nc3 Nf6 3. Nf3 Nc6 4. g3 d5 5. cxd5 Nxd5 6. Bg2 Nb6 7. O-O Be7 8. d3 O-O 9. Be3 Be6 10. Na4 Nxa4 11. Qxa4 Bd5 12. Rac1 Re8 13. Nd2 Bxg2 14. Kxg2 Nd4 15. Bxd4 exd4 16. Nf3 Bf6 17. Rfe1 c6 18. Qc4 Qd7 19. Nd2 Bg5 20. f4 Bd8 21. Ne4 Bb6 22. f5 Rad8 23. f6 g6 24. Qb4 Qf5 25. Rf1 Qg4 26. Qd2 Qh5 27. Rf4 Qh6 28. Qe1 Rd5 29. h4 Bc7 30. Rf1 Qe3 31. Rf3 Rxe4 32. dxe4 Qxe4 33. Qd2 Bd6 34. Qd3 Qe6 35. h5 Rxh5 36. Rh1 Rxh1 37. Kxh1 Be5 38. Qe4 h5 39. Kg2 Qd6 40. Qh4 c5 41. g4 hxg4 42. Qxg4 Bxf6 43. Qc8+ Kg7 44. Qxb7 Qe6 45. Qb5 Qxa2 46. Qc6 Qe6 47. Qxe6 fxe6 48. Ra3 Be5 49. Rxa7+ Kf6 50. Kf3 d3 51. exd3 Bxb2 52. Ke4 Bd4 53. Ra8 Kf7 1/2-1/2

[Event "GBR-ch111 Over 65"]
[Site "Liverpool"]
[Date "2025.08.07"]
[Round "4.22"]
[White "Wilson, Edgar"]
[Black "Wager, John D"]
[Result "1-0"]
[WhiteElo "1866"]
[BlackElo "1972"]
[PlyCount "108"]
[EventDate "2025.08.04"]
[EventType "swiss"]
[EventRounds "7"]
[EventCountry "GBR"]
[SourceTitle "BritBase"]
[Source "John Saunders"]
[SourceDate "2025.08.11"]
[SourceVersion "1"]
[SourceVersionDate "2025.08.11"]
[SourceQuality "1"]

1. e4 c6 2. Nf3 d5 3. Nc3 dxe4 4. Nxe4 Nd7 5. d4 Ngf6 6. Qe2 Nxe4 7. Qxe4 Nf6 8. Qd3 g6 9. g3 Bg7 10. Bg2 O-O 11. O-O Bf5 12. Qe2 Re8 13. Rd1 Qb6 14. c4 Rad8 15. Bf4 a6 16. c5 Qb4 17. Qd2 Qxd2 18. Bxd2 Be4 19. Bc3 Nd5 20. Re1 Bxf3 21. Bxf3 e5 22. Rad1 Nxc3 23. bxc3 exd4 24. Rxe8+ Rxe8 25. cxd4 Rd8 26. d5 cxd5 27. Rxd5 Rxd5 28. Bxd5 Bd4 29. Bxb7 Bxc5 30. Bxa6 Ba3 31. f4 Kg7 32. Kf2 Kf6 33. Ke3 h6 34. Bd3 Kg7 35. h3 f6 36. Kd4 f5 37. Ke5 Kf7 38. Bxf5 gxf5 39. Kxf5 Bb4 40. a4 Be1 41. g4 Bc3 42. h4 Be1 43. h5 Bc3 44. g5 hxg5 45. fxg5 Kg7 46. g6 Bd2 47. Ke5 Bc3+ 48. Ke6 Bd2 49. Kd5 Kf6 50. Kc5 Ke6 51. Kb5 Bh6 52. a5 Kd7 53. Kb6 Kc8 54. Kc6 Bf8 1-0

[Event "GBR-ch111 Over 65"]
[Site "Liverpool"]
[Date "2025.08.07"]
[Round "4.23"]
[White "Robinson, David"]
[Black "Habershon, Paul F"]
[Result "1/2-1/2"]
[WhiteElo "1784"]
[BlackElo "1959"]
[PlyCount "67"]
[EventDate "2025.08.04"]
[EventType "swiss"]
[EventRounds "7"]
[EventCountry "GBR"]
[SourceTitle "BritBase"]
[Source "John Saunders"]
[SourceDate "2025.08.11"]
[SourceVersion "1"]
[SourceVersionDate "2025.08.11"]
[SourceQuality "1"]

1. e4 Nf6 2. d3 d6 3. Nf3 g6 4. g3 Bg7 5. Bg2 O-O 6. Nc3 c5 7. h3 Nc6 8. Be3 Qc7 9. Qd2 a6 10. Bh6 Rb8 11. Bxg7 Kxg7 12. Nh4 b5 13. O-O b4 14. Ne2 Bd7 15. f4 Nd4 16. g4 Nxe2+ 17. Qxe2 Bb5 18. Bf3 c4 19. g5 Nd7 20. Qe3 cxd3 21. cxd3 Qb6 22. Qxb6 Nxb6 23. Rfd1 Rfc8 24. Rd2 Rc7 25. Rad1 Na4 26. Ng2 Rbc8 27. Ne3 e6 28. Kf2 a5 29. h4 Nb6 30. f5 Nd7 31. f6+ Kf8 32. Be2 Ne5 33. Ng4 Nxg4+ 34. Bxg4 1/2-1/2

[Event "GBR-ch111 Over 65"]
[Site "Liverpool"]
[Date "2025.08.07"]
[Round "4.24"]
[White "Kelly, Ian G"]
[Black "Clare, Steve"]
[Result "0-1"]
[WhiteElo "1953"]
[BlackElo "1709"]
[PlyCount "80"]
[EventDate "2025.08.04"]
[EventType "swiss"]
[EventRounds "7"]
[EventCountry "GBR"]
[SourceTitle "BritBase"]
[Source "John Saunders"]
[SourceDate "2025.08.11"]
[SourceVersion "1"]
[SourceVersionDate "2025.08.11"]
[SourceQuality "1"]

1. Nf3 f5 2. c4 Nf6 3. g3 e6 4. Bg2 d6 5. Nc3 e5 6. O-O Be7 7. d4 e4 8. Nd2 O-O 9. e3 c6 10. f3 d5 11. fxe4 fxe4 12. Qb3 Qb6 13. cxd5 Qxb3 14. Nxb3 cxd5 15. Bd2 Nc6 16. a3 b6 17. Rac1 Bb7 18. Bh3 Nd8 19. Rf2 g6 20. Nb5 Ne8 21. Nc7 Nxc7 22. Rxc7 Rxf2 23. Kxf2 Kf8 24. Nc1 a5 25. Ne2 Kf7 26. b4 Kf6 27. bxa5 bxa5 28. a4 Bc6 29. Nc3 h5 30. Nb5 Bb4 31. Ke1 Rb8 32. Bf1 Rb6 33. Bxb4 axb4 34. Kd2 Nb7 35. a5 Nxa5 36. Na7 b3 37. Kc1 b2+ 38. Kb1 Ba4 39. Rc5 Nc4 40. Bxc4 Bc2+ 0-1

[Event "GBR-ch111 Over 65"]
[Site "Liverpool"]
[Date "2025.08.07"]
[Round "4.25"]
[White "Tedd, Bernie"]
[Black "Campbell, Ian"]
[Result "1/2-1/2"]
[WhiteElo "1740"]
[BlackElo "1952"]
[PlyCount "83"]
[EventDate "2025.08.04"]
[EventType "swiss"]
[EventRounds "7"]
[EventCountry "GBR"]
[SourceTitle "BritBase"]
[Source "John Saunders"]
[SourceDate "2025.08.11"]
[SourceVersion "1"]
[SourceVersionDate "2025.08.11"]
[SourceQuality "1"]

1. e4 g6 2. d4 Bg7 3. Be3 d6 4. Nc3 a6 5. Qd2 Nd7 6. Nf3 h6 7. h3 e6 8. Rd1 Ne7 9. a4 b6 10. Bd3 Bb7 11. b4 Kf8 12. O-O Kg8 13. b5 a5 14. Nh2 Kh7 15. f4 f5 16. g4 Rg8 17. Bc4 d5 18. exd5 exd5 19. Bd3 Nf6 20. Qg2 Ne4 21. Ne2 Qd7 22. Nf3 Qe6 23. Ne5 Raf8 24. Rc1 Qd6 25. Kh2 Bf6 26. Ng3 Qe6 27. Nxe4 fxe4 28. Be2 g5 29. Qg3 Bxe5 30. fxe5 Ng6 31. c4 c6 32. cxd5 cxd5 33. Rc7+ Rg7 34. Rxg7+ Kxg7 35. Rxf8 Kxf8 36. Qf2+ Ke7 37. Bc1 Qf7 38. Qxf7+ Kxf7 39. Kg3 Ke6 40. Bd2 Bc8 41. Bd1 Bd7 42. Be2 1/2-1/2

[Event "GBR-ch111 Over 65"]
[Site "Liverpool"]
[Date "2025.08.07"]
[Round "4.26"]
[White "Fegan, Chris"]
[Black "Stephens, Ian Paul"]
[Result "1-0"]
[WhiteElo "1994"]
[BlackElo "1877"]
[PlyCount "36"]
[EventDate "2025.08.04"]
[EventType "swiss"]
[EventRounds "7"]
[EventCountry "GBR"]
[SourceTitle "BritBase"]
[Source "John Saunders"]
[SourceDate "2025.08.11"]
[SourceVersion "1"]
[SourceVersionDate "2025.08.11"]
[SourceQuality "1"]

1. Nf3 Nf6 2. b3 g6 3. Bb2 Bg7 4. e4 O-O 5. e5 Nd5 6. c4 Nb6 7. Nc3 d6 8. d4 dxe5 9. Nxe5 c6 10. Be2 N8d7 11. f4 Nxe5 12. fxe5 f6 13. exf6 exf6 14. O-O f5 15. d5 cxd5 16. cxd5 Bxc3 17. Bxc3 Qxd5 18. Bc4 Nxc4 1-0

[Event "GBR-ch111 Over 65"]
[Site "Liverpool"]
[Date "2025.08.07"]
[Round "4.27"]
[White "Stevens, Brian"]
[Black "Sage, Geoffrey W"]
[Result "1-0"]
[WhiteElo "1833"]
[BlackElo "1960"]
[PlyCount "106"]
[EventDate "2025.08.04"]
[EventType "swiss"]
[EventRounds "7"]
[EventCountry "GBR"]
[SourceTitle "BritBase"]
[Source "John Saunders"]
[SourceDate "2025.08.11"]
[SourceVersion "1"]
[SourceVersionDate "2025.08.11"]
[SourceQuality "1"]

1. d4 e6 2. Nf3 f5 3. Bg5 Be7 4. Bxe7 Qxe7 5. c4 Nf6 6. Nc3 O-O 7. e3 b6 8. Be2 Bb7 9. O-O d6 10. b4 e5 11. d5 Ne8 12. Qb3 a6 13. c5 Kh8 14. c6 Bc8 15. a4 Rf6 16. Qc4 Rh6 17. Rfd1 e4 18. Nd2 Qh4 19. Nf1 Nf6 20. f3 Rg6 21. Qd4 Qh3 22. Ng3 Qh4 23. fxe4 Rh6 24. Nf1 fxe4 25. Rd2 Bf5 26. Bd1 Nxc6 27. dxc6 Rf8 28. Rf2 Ng4 29. Bxg4 Qxg4 30. Nxe4 Re8 31. Neg3 Qxd4 32. exd4 Be6 33. Re1 d5 34. Nd2 Kg8 35. Nf3 Bf7 36. Rxe8+ Bxe8 37. b5 axb5 38. axb5 Re6 39. Ne5 g6 40. Ne2 Kg7 41. Nc3 Rd6 42. g4 h6 43. Kg2 g5 44. Kg3 h5 45. Rf5 Kh6 46. h3 h4+ 47. Kf2 Rd8 48. Nf7+ Bxf7 49. Rxf7 Kg6 50. Rxc7 Rf8+ 51. Ke3 Rf1 52. Rd7 Rh1 53. c7 Rxh3+ 1-0

[Event "GBR-ch111 Over 65"]
[Site "Liverpool"]
[Date "2025.08.07"]
[Round "4.28"]
[White "Erdogan, Hassan"]
[Black "Armstrong, William G"]
[Result "1-0"]
[WhiteElo "1792"]
[BlackElo "1875"]
[PlyCount "67"]
[EventDate "2025.08.04"]
[EventType "swiss"]
[EventRounds "7"]
[EventCountry "GBR"]
[SourceTitle "BritBase"]
[Source "John Saunders"]
[SourceDate "2025.08.11"]
[SourceVersion "1"]
[SourceVersionDate "2025.08.11"]
[SourceQuality "1"]

1. d4 Nf6 2. Bg5 Ne4 3. Bf4 d5 4. e3 Nc6 5. c3 e6 6. Nd2 Nd6 7. Bd3 Be7 8. Ngf3 h6 9. O-O Bd7 10. Bb1 Bf6 11. Ne5 Bxe5 12. dxe5 Nc8 13. Qg4 g5 14. Bg3 h5 15. Qh3 g4 16. Qh4 Qxh4 17. Bxh4 N8e7 18. Bf6 O-O 19. f4 Nf5 20. Re1 Nce7 21. Bc2 Bc6 22. g3 Ng6 23. Kf2 a5 24. Nb3 a4 25. Nd4 Nxd4 26. exd4 b5 27. h3 Rfb8 28. hxg4 hxg4 29. Rh1 b4 30. Bxg6 fxg6 31. Rh8+ Kf7 32. Rh7+ Ke8 33. Rah1 bxc3 34. Re7+ 1-0

[Event "GBR-ch111 Over 65"]
[Site "Liverpool"]
[Date "2025.08.07"]
[Round "4.29"]
[White "Gregg, Alan M"]
[Black "Hall, Alan A"]
[Result "1-0"]
[WhiteElo "1930"]
[BlackElo "1824"]
[PlyCount "87"]
[EventDate "2025.08.04"]
[EventType "swiss"]
[EventRounds "7"]
[EventCountry "GBR"]
[SourceTitle "BritBase"]
[Source "John Saunders"]
[SourceDate "2025.08.11"]
[SourceVersion "1"]
[SourceVersionDate "2025.08.11"]
[SourceQuality "1"]

1. b3 d5 2. Bb2 Nf6 3. Nf3 c5 4. e3 e6 5. Ne5 Be7 6. Bb5+ Nbd7 7. O-O O-O 8. f4 a6 9. Be2 Ne8 10. d4 f6 11. Nxd7 Bxd7 12. Nd2 cxd4 13. exd4 Nd6 14. Bd3 Bc6 15. Qe2 Bd7 16. Rae1 Qb6 17. Kh1 Rf7 18. c4 dxc4 19. Nxc4 Qa7 20. Nxd6 Bxd6 21. Bc4 Re7 22. f5 b5 23. Bxe6+ Bxe6 24. fxe6 Qb7 25. Qf3 Qxf3 26. Rxf3 Bb4 27. Re2 Rd8 28. Rd3 Rd5 29. g3 g6 30. Kg2 Kg7 31. Rd1 f5 32. Rc1 Kf6 33. Rc6 a5 34. Ra6 Bd6 35. Rxa5 Rxe6 36. Rxe6+ Kxe6 37. a4 Bb4 38. Ra6+ Bd6 39. axb5 Rxb5 40. Ba3 Rd5 41. Bxd6 Rxd6 42. Rxd6+ Kxd6 43. b4 Kc6 44. Kf1 1-0

[Event "GBR-ch111 Over 65"]
[Site "Liverpool"]
[Date "2025.08.07"]
[Round "4.30"]
[White "Moore, Gerald"]
[Black "Butterworth, Joe W"]
[Result "1-0"]
[WhiteElo "1928"]
[BlackElo "1692"]
[PlyCount "75"]
[EventDate "2025.08.04"]
[EventType "swiss"]
[EventRounds "7"]
[EventCountry "GBR"]
[SourceTitle "BritBase"]
[Source "John Saunders"]
[SourceDate "2025.08.11"]
[SourceVersion "1"]
[SourceVersionDate "2025.08.11"]
[SourceQuality "1"]

1. c4 e6 2. Nf3 Nf6 3. Nc3 d5 4. d4 Be7 5. g3 O-O 6. Bg2 Nbd7 7. O-O c6 8. Qd3 Re8 9. e4 dxe4 10. Nxe4 Nxe4 11. Qxe4 Nf6 12. Qc2 h6 13. b3 Qa5 14. Bb2 Ba3 15. Bxa3 Qxa3 16. Ne5 Bd7 17. c5 Qa5 18. Rfe1 Qc7 19. Nc4 Red8 20. Qd2 Be8 21. Qe3 Rab8 22. Nd6 Nd5 23. Bxd5 cxd5 24. b4 b6 25. Rab1 bxc5 26. bxc5 Bc6 27. Qf4 Qd7 28. Rxb8 Rxb8 29. Nxf7 Rf8 30. Ne5 Rxf4 31. Nxd7 Rxd4 32. Ne5 Ba8 33. Rb1 Rd2 34. Rb8+ Kh7 35. Rxa8 Rxa2 36. c6 Rc2 37. Rxa7 d4 38. Rd7 1-0

[Event "GBR-ch111 Over 65"]
[Site "Liverpool"]
[Date "2025.08.07"]
[Round "4.31"]
[White "Ewart, Brian R"]
[Black "Walkowiak, Adam"]
[Result "1-0"]
[WhiteElo "1906"]
[BlackElo "1657"]
[PlyCount "75"]
[EventDate "2025.08.04"]
[EventType "swiss"]
[EventRounds "7"]
[EventCountry "GBR"]
[SourceTitle "BritBase"]
[Source "John Saunders"]
[SourceDate "2025.08.11"]
[SourceVersion "1"]
[SourceVersionDate "2025.08.11"]
[SourceQuality "1"]

1. d4 d5 2. Nf3 Nf6 3. c4 dxc4 4. e3 c5 5. Bxc4 a6 6. Ne5 e6 7. Nc3 b5 8. Be2 Bb7 9. Bf3 Qc7 10. O-O Nc6 11. Nxc6 Bxc6 12. dxc5 Bxc5 13. Qc2 Bxf3 14. gxf3 Bd6 15. Qe2 Bxh2+ 16. Kg2 Be5 17. Bd2 Qb7 18. a3 Rd8 19. Rad1 Nd5 20. Nxd5 Rxd5 21. Bb4 Bb8 22. Rxd5 Qxd5 23. Rh1 h5 24. Rc1 Rh6 25. Rc8+ Kd7 26. Rxb8 Rg6+ 27. Kf1 Qc4 28. Qxc4 bxc4 29. Rb7+ Kc6 30. Rxf7 h4 31. Rf4 Rh6 32. Kg2 Kb5 33. Be7 e5 34. Re4 Rh5 35. Bxh4 Kc5 36. Be7+ Kd5 37. Rg4 Ke6 38. Bf8 1-0

[Event "GBR-ch111 Over 65"]
[Site "Liverpool"]
[Date "2025.08.07"]
[Round "4.32"]
[White "Collinson, Mark I"]
[Black "Clissold, Julian C"]
[Result "1-0"]
[WhiteElo "1900"]
[BlackElo "1654"]
[PlyCount "56"]
[EventDate "2025.08.04"]
[EventType "swiss"]
[EventRounds "7"]
[EventCountry "GBR"]
[SourceTitle "BritBase"]
[Source "John Saunders"]
[SourceDate "2025.08.11"]
[SourceVersion "1"]
[SourceVersionDate "2025.08.11"]
[SourceQuality "1"]

1. d4 Nf6 2. g3 g6 3. Bg2 Bg7 4. e4 d6 5. Ne2 Nbd7 6. O-O c5 7. c3 cxd4 8. cxd4 O-O 9. Nbc3 e5 10. h3 Rb8 11. Be3 b5 12. dxe5 dxe5 13. Bxa7 Rb7 14. Be3 Qe7 15. Rc1 Rd8 16. Nd5 Nxd5 17. exd5 e4 18. Qc2 f5 19. Nd4 Bxd4 20. Bxd4 Ne5 21. Bxe5 Qxe5 22. Rfd1 Bd7 23. Qc3 Qd6 24. b4 Rc8 25. Qd4 Rbc7 26. Rxc7 Rxc7 27. Bf1 Rc2 28. Rd2 Rc3 1-0

[Event "GBR-ch111 Over 65"]
[Site "Liverpool"]
[Date "2025.08.07"]
[Round "4.33"]
[White "Dennis, Nigel W"]
[Black "Binks, Michael E"]
[Result "0-1"]
[WhiteElo "1824"]
[BlackElo "1894"]
[PlyCount "91"]
[EventDate "2025.08.04"]
[EventType "swiss"]
[EventRounds "7"]
[EventCountry "GBR"]
[SourceTitle "BritBase"]
[Source "John Saunders"]
[SourceDate "2025.08.11"]
[SourceVersion "1"]
[SourceVersionDate "2025.08.11"]
[SourceQuality "1"]

1. e4 c5 2. Nf3 d6 3. d4 cxd4 4. Nxd4 Nf6 5. Nc3 g6 6. Be2 Bg7 7. O-O Nc6 8. Be3 Bd7 9. Nb3 O-O 10. f4 a6 11. Kh1 b5 12. a3 Be6 13. g4 Rb8 14. g5 Nd7 15. Qe1 b4 16. axb4 Nxb4 17. Rc1 Nxc2 18. Rxc2 Bxb3 19. Rc1 Nb6 20. Bxa6 Bc4 21. Bxc4 Nxc4 22. Nd5 Nxe3 23. Nxe3 Rxb2 24. Ng4 f5 25. gxf6 Bxf6 26. Nxf6+ Rxf6 27. Rc6 Qa8 28. Qc3 Qa2 29. Qc4+ Kg7 30. Qxa2 Rxa2 31. Kg1 Ra4 32. e5 dxe5 33. Rxf6 exf6 34. fxe5 f5 35. Re1 Kf7 36. Kg2 Ke6 37. Kg3 g5 38. Kf3 Ra3+ 39. Kf2 h5 40. Kg2 h4 41. h3 Rg3+ 42. Kh2 f4 43. Re2 Re3 44. Rxe3 fxe3 45. Kg2 Kxe5 46. Kf3 0-1

[Event "GBR-ch111 Over 65"]
[Site "Liverpool"]
[Date "2025.08.07"]
[Round "4.34"]
[White "Jerome, Stellio"]
[Black "Kane, Robert"]
[Result "0-1"]
[WhiteElo "1669"]
[BlackElo "1834"]
[PlyCount "48"]
[EventDate "2025.08.04"]
[EventType "swiss"]
[EventRounds "7"]
[EventCountry "GBR"]
[SourceTitle "BritBase"]
[Source "John Saunders"]
[SourceDate "2025.08.11"]
[SourceVersion "1"]
[SourceVersionDate "2025.08.11"]
[SourceQuality "1"]

1. f4 d5 2. Nf3 Nf6 3. e3 Bg4 4. Bb5+ c6 5. Be2 Bxf3 6. Bxf3 Nbd7 7. d3 e5 8. f5 Bd6 9. O-O h5 10. Kh1 e4 11. dxe4 Ng4 12. g3 Nxh2 13. Kxh2 Qh4+ 14. Kg1 Qxg3+ 15. Bg2 Qh2+ 16. Kf2 Bg3+ 17. Ke2 Qxg2+ 18. Kd3 Nc5+ 19. Kc3 Be5+ 20. Kb4 Qxe4+ 21. c4 Qxc4+ 22. Ka3 Qa6+ 23. Kb4 Qb6+ 24. Ka3 Qa5+ 0-1

[Event "GBR-ch111 Over 65"]
[Site "Liverpool"]
[Date "2025.08.07"]
[Round "4.35"]
[White "Collins, Nigel"]
[Black "Hawkins, James N"]
[Result "1/2-1/2"]
[WhiteElo "1589"]
[BlackElo "1908"]
[PlyCount "37"]
[EventDate "2025.08.04"]
[EventType "swiss"]
[EventRounds "7"]
[EventCountry "GBR"]
[SourceTitle "BritBase"]
[Source "John Saunders"]
[SourceDate "2025.08.11"]
[SourceVersion "1"]
[SourceVersionDate "2025.08.11"]
[SourceQuality "1"]

1. c4 e5 2. Nc3 Nf6 3. g3 Nc6 4. Bg2 d6 5. e4 Be7 6. Nge2 Be6 7. d3 h6 8. h3 g5 9. Nd5 Bxd5 10. cxd5 Nb8 11. Be3 c6 12. Qa4 Nfd7 13. dxc6 Nxc6 14. O-O O-O 15. d4 Bf6 16. d5 Ne7 17. Rac1 Nb6 18. Qb3 Rb8 19. Rc3 1/2-1/2

[Event "GBR-ch111 Over 65"]
[Site "Liverpool"]
[Date "2025.08.07"]
[Round "4.36"]
[White "Phillips, William"]
[Black "Lawrence, Roy A"]
[Result "1-0"]
[WhiteElo "1832"]
[BlackElo "1693"]
[PlyCount "87"]
[EventDate "2025.08.04"]
[EventType "swiss"]
[EventRounds "7"]
[EventCountry "GBR"]
[SourceTitle "BritBase"]
[Source "John Saunders"]
[SourceDate "2025.08.11"]
[SourceVersion "1"]
[SourceVersionDate "2025.08.11"]
[SourceQuality "1"]

1. d4 Nf6 2. Nf3 g6 3. Nc3 d5 4. Bf4 c6 5. h3 Bg7 6. e3 Nbd7 7. Bd3 Qb6 8. Rb1 c5 9. O-O c4 10. Be2 e6 11. b3 Qb4 12. Qd2 cxb3 13. Rxb3 Qa5 14. Nb5 Qxd2 15. Nc7+ Kd8 16. Nxd2 e5 17. dxe5 Ne4 18. Nxe4 Kxc7 19. Nf6 Bxf6 20. exf6+ Kd8 21. Bf3 Nb6 22. Rd1 Be6 23. e4 Rc8 24. exd5 Bf5 25. Re1 Bxc2 26. Rbe3 Nd7 27. Bd6 Rc4 28. Re7 Nxf6 29. Rxb7 Re8 30. Rxe8+ Nxe8 31. Be7+ Kc8 32. Rxa7 Be4 33. d6 Bf5 34. Ra8+ Kd7 35. Rd8+ Ke6 36. Rxe8 Kd7 37. Rd8+ Ke6 38. Bg4 Bxg4 39. hxg4 Rxg4 40. Ra8 Rd4 41. a4 Rd1+ 42. Kh2 Ra1 43. a5 Ra2 44. Kg3 1-0

[Event "GBR-ch111 Over 65"]
[Site "Liverpool"]
[Date "2025.08.07"]
[Round "4.37"]
[White "Pugh, Glyn D"]
[Black "Clancy, Martin J"]
[Result "0-1"]
[WhiteElo "1824"]
[BlackElo "1765"]
[PlyCount "68"]
[EventDate "2025.08.04"]
[EventType "swiss"]
[EventRounds "7"]
[EventCountry "GBR"]
[SourceTitle "BritBase"]
[Source "John Saunders"]
[SourceDate "2025.08.11"]
[SourceVersion "1"]
[SourceVersionDate "2025.08.11"]
[SourceQuality "1"]

1. d4 Nf6 2. c4 g6 3. Nc3 d5 4. cxd5 Nxd5 5. Bd2 Bg7 6. Nf3 c5 7. dxc5 O-O 8. Qb3 e6 9. e3 Nc6 10. Nxd5 exd5 11. Be2 Qe7 12. Rc1 d4 13. O-O Be6 14. Bc4 dxe3 15. fxe3 Bf5 16. Kh1 Rad8 17. Rfe1 Be4 18. Re2 Rd7 19. Be1 Bf6 20. Bc3 Ne5 21. Bxe5 Bxe5 22. Nxe5 Qxe5 23. Qb4 Rfd8 24. Qe1 a5 25. Qf2 Kg7 26. Bb3 f5 27. h3 Rc8 28. Rd2 Rxd2 29. Qxd2 Rxc5 30. Qd7+ Kh6 31. Rd1 Qg3 32. Qd2 b5 33. a4 bxa4 34. Bxa4 Rc4 0-1

[Event "GBR-ch111 Over 65"]
[Site "Liverpool"]
[Date "2025.08.07"]
[Round "4.38"]
[White "Wright, George A"]
[Black "O'Mahoney, Mike J"]
[Result "0-1"]
[WhiteElo "1540"]
[BlackElo "1780"]
[PlyCount "104"]
[EventDate "2025.08.04"]
[EventType "swiss"]
[EventRounds "7"]
[EventCountry "GBR"]
[SourceTitle "BritBase"]
[Source "John Saunders"]
[SourceDate "2025.08.11"]
[SourceVersion "1"]
[SourceVersionDate "2025.08.11"]
[SourceQuality "1"]

1. d4 d5 2. Nf3 Bf5 3. e3 e6 4. Bd3 Bg6 5. c3 Bd6 6. Qe2 Nf6 7. Nbd2 Ne4 8. O-O Nd7 9. c4 c6 10. cxd5 exd5 11. Bxe4 dxe4 12. Nc4 Bc7 13. Nfe5 Qh4 14. Qg4 Qxg4 15. Nxg4 O-O 16. f4 Bf5 17. Nge5 Nf6 18. b3 Rad8 19. Ba3 Rfe8 20. Rac1 Nd5 21. g3 f6 22. Nxc6 bxc6 23. Kf2 Bd7 24. Rg1 Bg4 25. Rge1 Re6 26. Bb2 Rb8 27. h4 h5 28. Rh1 Rb7 29. Ba3 Bf3 30. Rh2 a5 31. Nd2 Bg4 32. Nc4 Rb5 33. Kg1 Kf7 34. Rhc2 Ke8 35. Kf2 Kd7 36. Nd2 Bb6 37. Bb2 Ba7 38. a4 Rb7 39. Ba1 Nb4 40. Kg1 Nd3 41. Bc3 Nxc1 42. Rxc1 Bb6 43. Kf2 Bc7 44. Bb2 Bf5 45. Rc3 Bd6 46. Nc4 Bb4 47. Rc1 Re8 48. Bc3 Be6 49. Ke1 Reb8 50. Nd2 f5 51. Ke2 Bxc3 52. Rxc3 Bxb3 0-1

[Event "GBR-ch111 Over 65"]
[Site "Liverpool"]
[Date "2025.08.07"]
[Round "4.39"]
[White "Stinson, William James"]
[Black "Mak, Janos"]
[Result "1-0"]
[WhiteElo "1720"]
[BlackElo "1804"]
[PlyCount "79"]
[EventDate "2025.08.04"]
[EventType "swiss"]
[EventRounds "7"]
[EventCountry "GBR"]
[SourceTitle "BritBase"]
[Source "John Saunders"]
[SourceDate "2025.08.11"]
[SourceVersion "1"]
[SourceVersionDate "2025.08.11"]
[SourceQuality "1"]

1. e4 e5 2. Nf3 Nc6 3. d4 exd4 4. Nxd4 Bc5 5. Be3 Nxd4 6. Bxd4 Bxd4 7. Qxd4 Qg5 8. Nd2 d6 9. O-O-O Qe5 10. Qe3 Be6 11. Bc4 Nf6 12. f4 Qa5 13. Bxe6 fxe6 14. Qb3 Ke7 15. Nc4 Qa6 16. e5 Nd5 17. exd6+ cxd6 18. f5 Rac8 19. Rhe1 Qxc4 20. Rxe6+ Kf7 21. Qxc4 Rxc4 22. Rxd5 Rhc8 23. c3 Rf4 24. Rexd6 Re8 25. Rd7+ Re7 26. Rxe7+ Kxe7 27. b4 Rf1+ 28. Kc2 Rf2+ 29. Rd2 Rxf5 30. Kb3 b5 31. a4 bxa4+ 32. Kxa4 g5 33. c4 h5 34. c5 g4 35. g3 Rf6 36. Ka5 Rc6 37. Kb5 Rc7 38. c6 Ke6 39. Kc5 Rf7 40. Re2+ 1-0

[Event "GBR-ch111 Over 65"]
[Site "Liverpool"]
[Date "2025.08.07"]
[Round "4.40"]
[White "Tidmarsh, David A"]
[Black "Barnes, David"]
[Result "1/2-1/2"]
[WhiteElo "1776"]
[BlackElo "1758"]
[PlyCount "60"]
[EventDate "2025.08.04"]
[EventType "swiss"]
[EventRounds "7"]
[EventCountry "GBR"]
[SourceTitle "BritBase"]
[Source "John Saunders"]
[SourceDate "2025.08.11"]
[SourceVersion "1"]
[SourceVersionDate "2025.08.11"]
[SourceQuality "1"]

1. e4 c5 2. Nf3 d6 3. d4 cxd4 4. Nxd4 Nf6 5. Nc3 a6 6. Be3 e6 7. Qd2 Qc7 8. f3 b5 9. a3 Nbd7 10. Bd3 Bb7 11. O-O Rc8 12. Rac1 Nb6 13. Nce2 Nc4 14. Bxc4 Qxc4 15. Nb3 Be7 16. Na5 Qc7 17. Nxb7 Qxb7 18. c3 O-O 19. Ng3 Rc6 20. Ne2 Nd7 21. Nd4 Rc7 22. Nb3 Rcc8 23. Qf2 Ne5 24. Rfd1 Nc4 25. Kh1 Nxe3 26. Qxe3 Rfd8 27. Nd4 h6 28. Rc2 Qc7 29. Re2 Qc4 30. Rf1 Rd7 1/2-1/2

[Event "GBR-ch111 Over 65"]
[Site "Liverpool"]
[Date "2025.08.08"]
[Round "5.1"]
[White "Townsend, M Paul"]
[Black "Chapman, Terry P D"]
[Result "1/2-1/2"]
[WhiteElo "2167"]
[BlackElo "2263"]
[PlyCount "48"]
[EventDate "2025.08.04"]
[EventType "swiss"]
[EventRounds "7"]
[EventCountry "GBR"]
[SourceTitle "BritBase"]
[Source "John Saunders"]
[SourceDate "2025.08.11"]
[SourceVersion "1"]
[SourceVersionDate "2025.08.11"]
[SourceQuality "1"]

1. c4 Nf6 2. Nf3 e6 3. g3 d5 4. Bg2 dxc4 5. Qa4+ Nbd7 6. Qxc4 a6 7. Qc2 c5 8. Nc3 Qc7 9. d4 b5 10. Bf4 Qa7 11. dxc5 Bxc5 12. O-O Bb7 13. Ng5 Rc8 14. Bxb7 Qxb7 15. Qd3 O-O 16. Rad1 b4 17. Na4 e5 18. Be3 Bxe3 19. Qxe3 h6 20. Nf3 Qb5 21. b3 Rc2 22. Rd2 Nd5 23. Qe4 Rxd2 24. Nxd2 N7f6 1/2-1/2